000 00641nam a2200265Ia 4500
005 20260121171226.0
008 008 260114s9999 xx 000 0 eng d
020 _a9781610918213
037 _aEBOOK
040 _aCRL
040 _beng
040 _cCRL
041 _2eng
041 _aeng
084 _qCRL
100 _aJohn Randolph, Gilbert Masters
_91073597
245 0 _aEnergy for Sustainability
260 _bSpringer
260 _bSpringer
260 _c2018
856 _uhttps://link.springer.com/openurl?genre=book&isbn=978-1-61091-821-3
942 _cEBOOK
999 _c1639327
_d1639327